Doing business

Detalles Bibliográficos
Formato: Desconocido
Lenguaje:inglés
Publicado: Washington, DC : The International Bank for Reconstruction and Development, The World Bank
Acceso en línea:Acceso restringido

MARC

LEADER 00000ny a22000003n 4500
005 2011051602122.0
008 101020c199u9999xxuun p 0 a0eng d
022 |a 1729-2638 
035 |a 5189 
040 |a BUS  |d vLex 
090 |c 1959  |d 1959 
245 3 0 |a Doing business  |h [Recurso electrn̤ico] 
256 |a Servicio en ln̕ea 
260 |a Washington, DC :  |b The International Bank for Reconstruction and Development, The World Bank 
506 1 |a Contenido solo disponible en los productos indicados  |d vLex Global  |d vLex Global (Academic Edition, excluding Law Schools)  |d vLex Global (U.S. Academic Edition, excluding Law Schools) 
740 0 |a vLex Revista (Servicios en ln̕ea) 
843 |a Electrn̤ica. Abierta 
853 |8 1  |i (year)  |j (month)  |k (day) 
856 4 0 |z Acceso restringido  |u http://vlex.com/account/login_ip?fuente_id=5189 
942 |c REV 
999 0 |a Business and economics